[Event "TCh-FIN SM-Liiga 2011-12"]
[Site "Helsinki FIN"]
[Date "2011.09.18"]
[Round "2.5"]
[White "Issakainen,A"]
[Black "Kanko,I"]
[Result "1/2-1/2"]
[WhiteElo "2267"]
[BlackElo "2231"]

1.d4 Nf6 2.c4 e6 3.Nc3 Bb4 4.Qc2 O-O 5.e4 d6 6.Bd3 Nc6 7.Nf3 e5 8.d5 Ne7
9.O-O Nh5 10.Ne2 Ng6 11.a3 Bc5 12.b4 Bb6 13.c5 dxc5 14.bxc5 Ba5 15.Ng3 Bg4
16.Nxh5 Bxh5 17.Nd2 Bxd2 18.Bxd2 Qf6 19.Rab1 Bf3 20.Rfe1 Nh4 21.g3 Qg6 22.Re3 Qg4
23.Bf1 f5 24.exf5 Bxd5 25.Be2 Qh3 26.Bf1 Qg4 27.Be2 Qh3 28.Bf1  1/2-1/2

[Event "ch-Euro Youth g18"]
[Site "Albena BUL"]
[Date "2011.09.19"]
[Round "8.9"]
[White "Collado Barbas,L"]
[Black "Pavlidou,E"]
[Result "1-0"]
[WhiteElo "2057"]
[BlackElo "2189"]

1.d4 Nf6 2.c4 e6 3.Nc3 Bb4 4.Qc2 O-O 5.e4 d5 6.e5 Ne4 7.Bd3 c5 8.Nf3 cxd4
9.Nxd4 dxc4 10.Bxe4 Qxd4 11.Bf4 h6 12.Rd1 Qb6 13.Qe2 Qc7 14.Bxh6 gxh6 15.Qg4+ Kh8
16.Qh4 f5 17.exf6 Rf7 18.Qxh6+ Kg8 19.h4 Nd7 20.Rh3 Nxf6 21.Rg3+ Rg7 22.Qxf6 Qf7
23.Rd8+ Bf8 24.Rxg7+ Qxg7 25.Rxf8+  1-0

[Event "11th Josipa Ipavca Mem"]
[Site "Sentjur SLO"]
[Date "2011.09.19"]
[Round "7.10"]
[White "Kozina,Z"]
[Black "Titan,M"]
[Result "1/2-1/2"]
[WhiteElo "1896"]
[BlackElo "2091"]

1.d4 Nf6 2.c4 e6 3.Nc3 Bb4 4.Qc2 O-O 5.e3 b6 6.Nf3 Bb7 7.Be2 d6 8.O-O Bxc3
9.Qxc3 Nbd7 10.b3 Ne4 11.Qc2 f5 12.Bb2 Qe7 13.Ne1 Rac8 14.f3 Ng5 15.Nd3 c5
16.Rae1 e5 17.dxe5 Nxe5 18.Nxe5 dxe5 19.f4 exf4 20.exf4 Ne4 21.Bd3 Rf7 22.Re3  1/2-1/2

[Event "ch-Euro Youth g18"]
[Site "Albena BUL"]
[Date "2011.09.20"]
[Round "9.4"]
[White "Batkovskyte,D"]
[Black "Kazimova,N"]
[Result "1/2-1/2"]
[WhiteElo "2092"]
[BlackElo "2245"]

1.d4 Nf6 2.c4 e6 3.Nc3 Bb4 4.Qc2 O-O 5.Bg5 d6 6.e3 Nbd7 7.Bd3 h6 8.Bh4 Bxc3+
9.Qxc3 b6 10.Ne2 Ba6 11.O-O c5 12.Qa3 Qc8 13.Rac1 Qb7 14.Rfd1 Rac8 15.Bg3 e5
16.dxe5 Nxe5 17.Bf5 Rce8 18.b3 d5 19.Qb2 Ng6 20.Bxg6 fxg6 21.Nf4 dxc4 22.Nxg6 c3
23.Rxc3 Rd8 24.Rcc1 Rfe8 25.Bh4 Rxd1+ 26.Rxd1 Qe4 27.Nf4 Rf8 28.Bxf6 Rxf6
29.Rd8+ Rf8 30.Rd7 Rf7 31.Rd1 Bb7 32.Kf1 Ba6+ 33.Kg1 Bb7 34.Kf1 Ba6+ 35.Kg1 Bb7
36.Kf1 Ba6+  1/2-1/2

[Event "TCh-HUN 2011-12"]
[Site "Mako HUN"]
[Date "2011.09.25"]
[Round "1"]
[White "Saric,S"]
[Black "Papp,Ga"]
[Result "0-1"]
[WhiteElo "2473"]
[BlackElo "2551"]

1.d4 Nf6 2.c4 e6 3.Nc3 Bb4 4.Qc2 O-O 5.e4 d5 6.e5 Ne4 7.Bd3 c5 8.Nf3 cxd4
9.Nxd4 Nd7 10.Bf4 Qh4 11.g3 Qh5 12.Bxe4 dxe4 13.Qxe4 f6 14.Qe2 Qxe2+ 15.Nxe2 g5
16.Be3 Nxe5 17.O-O-O Nxc4 18.Rd4 Ne5 19.f4 gxf4 20.gxf4 Nc6 21.Rc4 Bd7 22.Rd1 Rad8
23.Nb5 a6 24.Nd6 Bxd6 25.Rxd6 Bc8 26.Rxd8 Rxd8 27.Nd4 Ne7 28.Bd2 Nd5 29.Nc2 Bd7
30.Ne3 Bc6 31.Nxd5 Rxd5 32.Be3 Rh5 33.Rc2 Rh3 34.Re2 Kf7 35.Kd2 Kg6 36.Bb6 Kf5
37.Bc7 h5 38.Bb8 h4 39.Bc7 Be4 40.Ke1 Rd3 41.Rd2 Rh3 42.Kf1 Bd5 43.a3 Rb3
44.Kf2 Kg4 45.Kg1 Rf3 46.Rf2 Rd3 47.Rc2 Rd1+ 48.Kf2 Rh1 49.Ke3 h3 50.Bd8 Kf5
51.Rd2 Bg2 52.Rd7 Rxh2 53.Rf7 Bd5 54.Rxf6+ Kg4 55.Rg6+ Kh5 56.Rg5+ Kh6 57.Rg3 Rh1
58.Kf2 Bg2 59.Rg4 Rd1 60.Bf6 Rd2+ 61.Kg3 Be4 62.Bg7+ Kh7 63.Bc3 Rd3+ 64.Kh2 Bf5
65.Rg3 Rd7 66.Rg5 b5 67.Rg1 Rc7 68.Rg5 Rc4 69.Kg3 Re4 70.Kf3 Rc4 71.Kg3 a5
72.Rh5+ Kg6 73.Rg5+ Kf7 74.Bxa5 Rc2 75.Rh5 Rg2+ 76.Kf3 Bg4+  0-1

[Event "TCh-HUN 2011-12"]
[Site "Zalaegerszeg HUN"]
[Date "2011.09.25"]
[Round "1"]
[White "Csiszar,Z"]
[Black "Kantor,G"]
[Result "1/2-1/2"]
[WhiteElo "2272"]
[BlackElo "2268"]

1.d4 Nf6 2.c4 e6 3.Nc3 Bb4 4.Qc2 O-O 5.a3 Bxc3+ 6.Qxc3 b5 7.cxb5 c6 8.Bg5 cxb5
9.e3 Bb7 10.f3 a6 11.Bd3 Nc6 12.Ne2 Rc8 13.Qd2 h6 14.Bxf6 Qxf6 15.O-O Qd8
16.Rac1 Qb6 17.Bb1 Ne7 18.Qd3 f5 19.Rxc8 Rxc8 20.e4 Qd6 21.Ng3 Rf8 22.Rd1 Qf4
23.Qd2 Qxd2 24.Rxd2 Rc8 25.Rc2 Rxc2 26.Bxc2 fxe4 27.fxe4 Nc6 28.Ne2 Kf7 29.Kf2 d6
30.Ke3 Kf6 31.Bd3 g6 32.b4 Kf7 33.Bc2 Kf6 34.Bb3 Ne7 35.Nc3 g5 36.Bd1 Nc6
37.Be2 e5 38.d5 Nd4 39.Bd3 Bc8 40.Ne2 Nxe2 41.Bxe2 g4  1/2-1/2

[Event "Belgrade Premier League 2011"]
[Site "Belgrade SRB"]
[Date "2011.10.02"]
[Round "2.6"]
[White "Maksimovic,Ma"]
[Black "Maksimovic,Mir"]
[Result "1/2-1/2"]
[WhiteElo "2164"]
[BlackElo "2246"]

1.d4 Nf6 2.c4 e6 3.Nc3 Bb4 4.Qc2 O-O 5.a3 Bxc3+ 6.Qxc3 b6 7.Nf3 Ba6 8.b4 c5
9.dxc5 bxc5 10.Bb2 Qe7 11.e3 cxb4 12.axb4 Rc8 13.Qb3 d5 14.b5 Bb7 15.Ba3 dxc4
16.Bxc4 Qc7 17.Rc1 Nbd7 18.O-O Qb6 19.Rfd1 Bd5 20.Nd4 Rxc4 21.Rxc4 Ne5 22.Rdc1 Nxc4
23.Rxc4 Qa5 24.Qb4 Qb6 25.Rc1 a6 26.bxa6 Qxa6  1/2-1/2

[Event "FSFMB Oct"]
[Site "Budapest HUN"]
[Date "2011.10.03"]
[Round "3"]
[White "Csetneki,M"]
[Black "Somogyi,Akos"]
[Result "1-0"]
[WhiteElo "1629"]
[BlackElo "1295"]

1.d4 Nf6 2.c4 e6 3.Nc3 Bb4 4.Qc2 O-O 5.Nf3 d5 6.e3 Bxc3+ 7.bxc3 b6 8.Ba3 Re8
9.c5 Nc6 10.Bb5 Bd7 11.Qa4 Ne4 12.Bxc6 Bxc6 13.Qxc6 Nxc3 14.Rc1 Ne4 15.O-O Re7
16.cxb6 axb6 17.Bxe7 Qxe7 18.Qxa8+ Qf8 19.Qb7 g6 20.Rxc7 Kg7 21.Ne5 Ng5  1-0

[Event "FSFMA Double Oct"]
[Site "Budapest HUN"]
[Date "2011.10.03"]
[Round "3"]
[White "Tessedik,K"]
[Black "Kristiansen,W"]
[Result "0-1"]
[WhiteElo "1864"]
[BlackElo "2030"]

1.d4 Nf6 2.c4 e6 3.Nc3 Bb4 4.Qc2 O-O 5.Nf3 c5 6.a3 Bxc3+ 7.Qxc3 cxd4 8.Nxd4 d5
9.e3 b6 10.Nf3 Ba6 11.b4 Qc7 12.Bb2 Rc8 13.Rc1 dxc4 14.Nd2 b5 15.h4 Nbd7
16.h5 e5 17.h6 Nd5 18.Qc2 c3 19.hxg7 N7f6 20.Ne4 cxb2  0-1

[Event "TCh-POL Ekstraliga"]
[Site "Katowice POL"]
[Date "2011.10.07"]
[Round "7.2"]
[White "Piorun,K"]
[Black "Hera,I"]
[Result "1/2-1/2"]
[WhiteElo "2526"]
[BlackElo "2566"]

1.d4 Nf6 2.c4 e6 3.Nc3 Bb4 4.Qc2 O-O 5.e4 d5 6.e5 Ne4 7.Bd3 c5 8.Ne2 cxd4
9.Nxd4 Nd7 10.Bf4 Ndc5 11.O-O Bxc3 12.bxc3 Bd7 13.Be2 Na4 14.cxd5 exd5 15.f3 Nexc3
16.Bd3 h6 17.Qd2 Qb6 18.Be3 Qb2 19.Bc2 Rfe8 20.Qd3 g6 21.Bd2 Ne2+ 22.Nxe2 Bf5
23.Qd4 Bxc2 24.Rfc1 Bf5 25.Bxh6 Rxe5 26.Qxb2 Nxb2 27.Nd4 Bd3 28.Rc7 Ba6 29.h4 Ree8
30.Rc5 Rad8 31.Rc7 Nd3 32.Bg5 Rc8 33.Rd7 Rc5 34.Bf6 Ne5 35.Re1 Rc1 36.Rxc1 Nxd7
37.Bg5 Bc4 38.a3 f6 39.Bd2 Kf7 40.Kf2 Nc5 41.Rb1 b6 42.Bc3 Nd3+ 43.Kg3 Rc8
44.Bd2 Ba6 45.Rb3 Ne5 46.Kh3 Rc4 47.Be3 Nd7 48.Ne2 Nc5 49.Rc3 Na4 50.Rb3 Rc2
51.Nf4 Bc4 52.Rb1 Rc3 53.Bd4 Rxa3 54.Re1 Nc5 55.h5 gxh5 56.Nxh5 Nd7 57.Nf4 b5
58.Kg4 b4 59.Rh1 Ne5+ 60.Kf5 Bd3+ 61.Nxd3 Rxd3 62.Bxe5 fxe5 63.Rh7+ Kg8 64.Rxa7 Re3
65.Kf6 b3 66.Ra8+ Kh7 67.Ra7+ Kg8 68.Ra8+ Kh7 69.Ra7+ Kg8 70.Ra8+  1/2-1/2

[Event "TCh-POL Ekstraliga"]
[Site "Katowice POL"]
[Date "2011.10.07"]
[Round "7.3"]
[White "Socko,M"]
[Black "Dworakowska,J"]
[Result "1/2-1/2"]
[WhiteElo "2487"]
[BlackElo "2319"]

1.d4 Nf6 2.c4 e6 3.Nc3 Bb4 4.Qc2 O-O 5.e4 d5 6.e5 Ne4 7.Bd3 c5 8.Nf3 cxd4
9.Nxd4 Nd7 10.Bf4 Qh4 11.g3 Qh5 12.Bxe4 dxe4 13.Qxe4 Nb6 14.O-O Nxc4 15.Ndb5 Bxc3
16.bxc3 Nb6 17.Nd6 Nd5 18.Bd2 Bd7 19.Nxb7 Rac8 20.Na5 f5 21.Qd3 f4 22.c4 f3
23.Kh1 Rf5 24.Rfe1 Nb6 25.Re4 Rxe5 26.Rxe5 Qxe5 27.Re1 Qh5 28.Bb4 Rf8 29.Bxf8 Qxa5
30.Re3 Qxa2 31.Bb4 a5 32.Be1 Qxc4 33.Qxc4 Nxc4 34.Rb3 Bc6 35.Bc3 Kf7 36.Rb8 e5
37.Rc8 Bd5 38.Rc7+ Kf6 39.Ra7 h5 40.Kg1 g6 41.h4 Be4 42.Kf1 Bd3+ 43.Ke1 Kf5
44.Bxa5 Kg4 45.Bc3 e4 46.Rf7 Kh3 47.Bd4 Nd6 48.Rf8 Nf5 49.Ba7 e3 50.Rxf5 exf2+
51.Kxf2 Bxf5  1/2-1/2

[Event "TCh-MNE 1st League"]
[Site "Tivat MNE"]
[Date "2011.10.08"]
[Round "1.1"]
[White "Stojanovic,Mih"]
[Black "Damljanovic,B"]
[Result "1/2-1/2"]
[WhiteElo "2581"]
[BlackElo "2607"]

1.d4 Nf6 2.c4 e6 3.Nc3 Bb4 4.Qc2 O-O 5.Nf3 c5 6.dxc5 Na6 7.a3 Bxc3+ 8.Qxc3 Nxc5
9.e3 b6 10.Be2 Ba6 11.b4 Nce4 12.Qd4 d6 13.Bb2 Rc8 14.Rc1 e5 15.Qd1 Rc7 16.O-O  1/2-1/2

[Event "e2e4 High Wycombe Open"]
[Site "Uplands Park ENG"]
[Date "2011.10.08"]
[Round "2"]
[White "Haydon,D"]
[Black "Shepherd,David"]
[Result "1-0"]
[WhiteElo "2290"]
[BlackElo "1996"]

1.d4 Nf6 2.c4 e6 3.Nc3 Bb4 4.Qc2 O-O 5.e4 Bxc3+ 6.bxc3 d6 7.f4 e5 8.Bd3 Re8
9.fxe5 dxe5 10.d5 Nbd7 11.Nf3 Nc5 12.O-O Bg4 13.Bg5 h6 14.Bh4 Qd6 15.Bxf6 Qxf6
16.Rf2 Bxf3 17.Rxf3 Qb6 18.Rb1 Qd6 19.Rbf1 Re7 20.Qe2 a5 21.Qf2 Nxd3 22.Rxd3 c5
23.Rg3 b6 24.Qf6 Qxf6 25.Rxf6 Rb8 26.Rxh6 f6 27.Rxf6 b5 28.Ra6 bxc4 29.Rxa5 Rb1+
30.Kf2 Rf7+ 31.Rf3 Rb2+ 32.Kg3 Rf4 33.Rxf4 exf4+ 34.Kf3 Rc2 35.Rxc5 Rxc3+
36.Kxf4 Rc1 37.a4 c3  1-0

[Event "TCh-POL Ekstraliga"]
[Site "Katowice POL"]
[Date "2011.10.09"]
[Round "9"]
[White "Barwinski,D"]
[Black "Olszewski,Mi"]
[Result "0-1"]
[WhiteElo "2196"]
[BlackElo "2542"]

1.d4 Nf6 2.c4 e6 3.Nc3 Bb4 4.Qc2 O-O 5.a3 Bxc3+ 6.Qxc3 b6 7.Bg5 Bb7 8.Nf3 d6
9.e3 Nbd7 10.Be2 h6 11.Bh4 Qe7 12.Rd1 g5 13.Bg3 Ne4 14.Qc2 f5 15.O-O Qg7
16.Bd3 Ndf6 17.Nd2 Nxd2 18.Qxd2 h5 19.f3 h4 20.Be1 g4 21.Be2 h3 22.g3 Rae8
23.Qc2 Qg5 24.Bd2 gxf3 25.Bxf3 Ne4 26.Bxe4 Bxe4 27.Qc3 Re7 28.b4 Qh5 29.Rde1 Rg7
30.Rf2 Rf6 31.Bc1 Rfg6 32.Ree2 Rxg3+ 33.hxg3 Rxg3+ 34.Kf1 Bg2+ 35.Rxg2 hxg2+
36.Rxg2 Qh1+ 37.Ke2 Rxg2+  0-1

[Event "World Amateur Chess Championship"]
[Site "Antalya TUR"]
[Date "2011.10.10"]
[Round "9"]
[White "Virkud,Apurva"]
[Black "Mohnblatt,D"]
[Result "1-0"]
[WhiteElo "1810"]
[BlackElo "1893"]

1.d4 Nf6 2.c4 e6 3.Nc3 Bb4 4.Qc2 O-O 5.Nf3 d6 6.Bd2 b6 7.e4 Nbd7 8.e5 Ne8
9.Qe4 Rb8 10.Ng5 g6 11.Qh4 h5 12.Qg3 Ng7 13.f4 Nf5 14.Qf2 c5 15.Nce4 Bxd2+
16.Qxd2 cxd4 17.Nxd6 Nxd6 18.exd6 e5 19.Be2 Qf6 20.O-O Qxd6 21.Ne4 Qe7 22.fxe5 Qxe5
23.Bd3 f5 24.Nf2 Qe3 25.Qc2 Nc5 26.Rae1 Qg5 27.Nh3 Qf6 28.Nf4 Nxd3 29.Qxd3 Bd7
30.Rd1 b5 31.Qxd4 Bc6 32.Qxf6 Rxf6  1-0

[Event "49th ch-IND NatA"]
[Site "Aurangabad IND"]
[Date "2011.10.11"]
[Round "3"]
[White "Ravi,TeS"]
[Black "Udeshi,A"]
[Result "0-1"]
[WhiteElo "2300"]
[BlackElo "2379"]

1.d4 Nf6 2.c4 e6 3.Nc3 Bb4 4.Qc2 O-O 5.a3 Bxc3+ 6.Qxc3 b5 7.cxb5 c6 8.Bg5 cxb5
9.e3 Bb7 10.Nf3 h6 11.Bxf6 Qxf6 12.Be2 Rc8 13.Qb3 a6 14.O-O Bd5 15.Qd3 Nc6
16.Nd2 Na5 17.Rfc1 Qg5 18.f3 Bc4 19.Qc3 Bxe2 20.Qxc8+ Rxc8 21.Rxc8+ Kh7 22.Rc3 Bc4
23.Re1 Bd5 24.b3 Qe7 25.Ra1 b4 26.axb4 Qxb4 27.Rd3 Bc6 28.Rc1 f5 29.g3 Nb7
30.Kf2 Nd6 31.Rdc3 Qb7 32.R3c2 Nf7 33.h4 e5 34.Rc4 Nd6 35.R4c3 exd4 36.exd4 Qb6
37.Ke3 f4+ 38.Kd3 fxg3 39.Rc5 Bb5+ 40.Ke3 Qd8 41.Rh1 g2 42.Rg1 Qxh4  0-1

[Event "TCh-ROU Superliga 2011"]
[Site "Brasov ROU"]
[Date "2011.10.15"]
[Round "8.3"]
[White "Mosnegutu,K"]
[Black "Iordachescu,V"]
[Result "0-1"]
[WhiteElo "2240"]
[BlackElo "2646"]

1.d4 Nf6 2.c4 e6 3.Nc3 Bb4 4.Qc2 O-O 5.e3 c5 6.dxc5 Na6 7.Ne2 Bxc5 8.a3 b6
9.b4 Be7 10.Nd4 Bb7 11.f3 d5 12.cxd5 Nxd5 13.Nxd5 Qxd5 14.Bd3 Rac8 15.Qe2 Bh4+
16.g3 Bf6 17.Be4 Qd7 18.Bxb7 Qxb7 19.Bb2 Nc5 20.Kf2 Na4 21.Rac1 Nxb2 22.Qxb2 e5
23.Nf5 e4 24.Qe2 exf3 25.Qxf3 Qd7 26.Rxc8 Rxc8 27.Rd1 Qe6 28.Rd2 g6 29.Nd4 Qh3
30.Ke2 Bxd4 31.exd4 Qxh2+ 32.Kd3 Qh3 33.d5 Qd7 34.Kd4 b5 35.Ke3 Rc3+ 36.Rd3 Qc7
37.Kd2 Rc2+ 38.Kd1 Rc1+ 39.Kd2 Qc2+ 40.Ke3 Re1+ 41.Kf4 Qc4+ 42.Kg5 h6+ 43.Kf6 Re6+  0-1

[Event "Indonesia Open"]
[Site "Jakarta INA"]
[Date "2011.10.18"]
[Round "8.9"]
[White "Kotanjian,T"]
[Black "Cao,S"]
[Result "1/2-1/2"]
[WhiteElo "2546"]
[BlackElo "2529"]

1.d4 Nf6 2.c4 e6 3.Nc3 Bb4 4.Qc2 O-O 5.a3 Bxc3+ 6.Qxc3 b6 7.Bg5 h6 8.Bh4 Ba6
9.e3 d6 10.Bd3 Nbd7 11.Ne2 c5 12.Qc2 Rc8 13.Qa4 Bb7 14.O-O d5 15.cxd5 exd5
16.Bf5 Bc6 17.Qd1 Rc7 18.Nc3 Re8 19.Re1 Nf8 20.Qd2 Ne6 21.f3 Rd7 22.Bf2 Rde7
23.b4 cxd4 24.exd4 Nc7 25.a4 Rxe1+ 26.Rxe1 b5 27.a5 Rxe1+ 28.Bxe1 Nfe8 29.Bd3 Nd6
30.Bg3 a6 31.Qf4 Nce8 32.Ne2 Nc4 33.Qh4 Qd7 34.Be1 Qe6 35.Qf2 Ned6 36.Nc1 Bd7
37.Nb3 Bc8 38.Qe2 Qxe2 39.Bxe2 Nf5 40.Kf2 Kf8 41.g4 Ne7 42.Nc5 Nc6 43.Bc3 Ke7
44.Bd3 Nd6 45.Kg3 Nd8 46.Be1 Nc6 47.Nb3 Nd8 48.Kf2 Nc6 49.Ke2 f5 50.gxf5 Nxf5
51.Bxf5 Bxf5 52.Ke3 Bc8 53.Nc5 Kf6 54.Bc3 Ne7 55.Nd3 Nf5+ 56.Ke2 g5 57.Ne5 Nd6
58.Be1 h5 59.Bf2 Nc4 60.Nd3 h4 61.Be1 Kf5 62.Bd2 Bd7 63.Be3 Bc8 64.Nf2 Kg6
65.Bc1 Bf5 66.Be3 Kf6 67.h3 Kg6 68.f4 gxf4 69.Bxf4 Na3 70.Bd6 Nb1 71.Be7 Nc3+
72.Ke3 Kh5 73.Kf4 Ne4 74.Ng4 Be6 75.Bd8 Bc8 76.Ne3 Nc3 77.Ng2 Bxh3 78.Nxh4 Na2
79.Be7 Nxb4 80.Bxb4 Kxh4 81.Ke5 Kg5 82.Kxd5 Kf6 83.Kc5 Ke6 84.d5+ Kd7 85.Kb6 Kc8
86.Kxa6 Kb8 87.Kb6 Bg2  1/2-1/2

[Event "TCh-BEL 2011-12"]
[Site "Belgium BEL"]
[Date "2011.10.23"]
[Round "2.8"]
[White "Bajraktari,S"]
[Black "Van Heirzeele,D"]
[Result "0-1"]
[WhiteElo "1862"]
[BlackElo "2161"]

1.d4 Nf6 2.c4 e6 3.Nc3 Bb4 4.Qc2 O-O 5.e4 d5 6.e5 Ne4 7.a3 Bxc3+ 8.bxc3 c5
9.Nf3 Qa5 10.Bd3 Qxc3+ 11.Qxc3 Nxc3 12.dxc5 Nd7 13.Be3 Na4 14.O-O Ndxc5 15.Bc2 dxc4
16.Rad1 b6 17.Rd4 Ba6 18.Rh4 h6 19.Rd1 Rfd8 20.Re1 Rac8 21.g4 Bb7 22.Nd2 Nd3
23.Rb1 Nc3 24.g5 Nxb1 25.Bxb1 Nxe5 26.Kf1 c3  0-1

[Event "12th Liberec Open"]
[Site "Liberec CZE"]
[Date "2011.10.23"]
[Round "2"]
[White "Broekman,W"]
[Black "Hiller,W"]
[Result "1/2-1/2"]
[WhiteElo "2054"]
[BlackElo "1969"]

1.d4 Nf6 2.c4 e6 3.Nc3 Bb4 4.Qc2 O-O 5.a3 Bxc3+ 6.Qxc3 b6 7.f3 d5 8.cxd5 exd5
9.e3 Ba6 10.Bxa6 Nxa6 11.Ne2 c5 12.O-O Rc8 13.Qd3 c4 14.Qc3 Nc7 15.Ng3 Nb5
16.Qc2 Re8 17.Bd2 Qc7 18.a4 Nd6 19.Rfe1 Qc6 20.Bc3 Re6 21.Re2 Rce8 22.Rae1 a6
23.Bb4 b5 24.axb5 Nxb5 25.Qd2 Qb7 26.Ra1 g6 27.Nf1 Nxd4 28.Qxd4 Qxb4 29.Rd1 Qb6
30.g4 h6 31.h4 Qxd4 32.Rxd4 g5 33.hxg5 hxg5 34.Kf2 Rb8 35.Ng3 Reb6 36.Rdd2 a5
37.Nf5 Kf8 38.Kg3 Rb3 39.Nd4 c3 40.bxc3 Rxc3 41.Ra2 Ra8 42.Nf5 a4 43.Reb2 Rc7
44.Rb6 Nd7 45.Rh2 Ke8 46.Rd6 a3 47.Ng7+ Ke7 48.Nf5+ Ke8 49.Ng7+ Ke7  1/2-1/2

[Event "1st Central Asia Cup"]
[Site "Tashkent UZB"]
[Date "2011.10.24"]
[Round "7.3"]
[White "Ibrayev,N"]
[Black "Kotsur,P"]
[Result "0-1"]
[WhiteElo "2393"]
[BlackElo "2558"]

1.d4 Nf6 2.c4 e6 3.Nc3 Bb4 4.Qc2 O-O 5.a3 Bxc3+ 6.Qxc3 d5 7.Nf3 dxc4 8.Qxc4 b6
9.Bg5 Ba6 10.Qc2 Nbd7 11.Rd1 h6 12.Bh4 Qc8 13.e3 Bxf1 14.Rxf1 Qb7 15.Qb3 Rfc8
16.Rc1 Nd5 17.Ke2 c5 18.Rfd1 Qa6+ 19.Ke1 b5 20.Kf1 c4 21.Qc2 c3 22.Kg1 b4
23.Ra1 b3 24.Qxb3 Rab8  0-1

[Event "TCh-AUT 2 Ost 2011-12"]
[Site "Vienna AUT"]
[Date "2011.11.05"]
[Round "3"]
[White "Wiedermann,D"]
[Black "Banusz,T"]
[Result "0-1"]
[WhiteElo "2220"]
[BlackElo "2552"]

1.d4 Nf6 2.c4 e6 3.Nc3 Bb4 4.Qc2 O-O 5.e4 d6 6.a3 Bxc3+ 7.bxc3 c5 8.e5 dxe5
9.dxe5 Nfd7 10.Nf3 h6 11.Bf4 Nc6 12.h4 Qe7 13.Bd3 f6 14.exf6 Nxf6 15.O-O-O e5
16.Rde1 Ng4 17.Bg3 Be6 18.Ng5 hxg5 19.Bh7+ Kh8 20.hxg5 Qxg5+ 21.f4 Rxf4 22.Bxf4 Qxf4+
23.Kb2 Nh6 24.Re4 Qg5 25.Reh4 Rf8 26.Be4 Qe3 27.Bf3 Bf5 28.Qc1 Qxc1+ 29.Kxc1 Bg6
30.Bd5 Ne7 31.g4 Nxd5 32.cxd5 Kg8 33.c4 Rf2 34.g5 Nf7  0-1

[Event "1st Panama Open"]
[Site "Panama City PAN"]
[Date "2011.11.06"]
[Round "7.19"]
[White "Gongora Reyes,M"]
[Black "Molina,Jesus"]
[Result "1-0"]
[WhiteElo "2428"]
[BlackElo "2201"]

1.d4 Nf6 2.c4 e6 3.Nc3 Bb4 4.Qc2 O-O 5.a3 Bxc3+ 6.Qxc3 b6 7.Bg5 h6 8.Bh4 Bb7
9.e3 d5 10.cxd5 exd5 11.Bxf6 gxf6 12.Bd3 c6 13.Ne2 Bc8 14.O-O Re8 15.Ng3 Qd6
16.Rac1 Be6 17.Bb1 Rc8 18.f4 Rc7 19.e4 Qd8 20.e5 fxe5 21.fxe5 Qg5 22.Nf5 Bxf5
23.Rxf5 Qg7 24.Rf3 Kf8 25.Rg3 Qh8 26.Ba2 Na6 27.Qd3 b5 28.Rf1 Re8 29.Qg6 Ree7
30.Bxd5 cxd5 31.Qxa6 Rb7 32.Qc6  1-0

[Event "12th Metropolitan Inv"]
[Site "Los Angeles USA"]
[Date "2011.11.12"]
[Round "7"]
[White "Haessel,D"]
[Black "Akopyan,H"]
[Result "0-1"]
[WhiteElo "2211"]
[BlackElo "2233"]

1.d4 Nf6 2.c4 e6 3.Nc3 Bb4 4.Qc2 O-O 5.a3 Bxc3+ 6.Qxc3 Ne4 7.Qc2 f5 8.Nf3 b6
9.g3 Bb7 10.Bg2 Nd6 11.O-O Be4 12.Qc3 Nf7 13.b4 Qf6 14.Bb2 d6 15.c5 Nc6 16.cxb6 cxb6
17.Qd2 Ne7 18.d5 e5 19.Ne1 Bxg2 20.Nxg2 Rac8 21.f4 Qh6 22.Ne3 e4 23.Qd4 Rc7
24.Kh1 Rfc8 25.g4 fxg4 26.Nxg4 Qg6 27.Ne3 Nh6 28.Rg1 Nef5 29.Nxf5 Nxf5 30.Qxe4 Ng3+  0-1

[Event "2nd Brno Open"]
[Site "Brno CZE"]
[Date "2011.11.17"]
[Round "8"]
[White "Bernadskiy,V"]
[Black "Yakimenko,Alex"]
[Result "1-0"]
[WhiteElo "2439"]
[BlackElo "2260"]

1.d4 e6 2.c4 Nf6 3.Nc3 Bb4 4.Qc2 O-O 5.a3 Bxc3+ 6.Qxc3 d5 7.Nf3 b6 8.Bg5 c6
9.Ne5 dxc4 10.Qxc4 Qd5 11.Qxd5 cxd5 12.e3 Ne4 13.Bf4 f6 14.Nd3 g5 15.Bg3 Ba6
16.Rc1 Nd7 17.Ne5 Bxf1 18.Nxd7 Bxg2 19.Rg1 Rfd8 20.Nxf6+ Nxf6 21.Rxg2 Rac8
22.Rxc8 Rxc8 23.Be5 Ne4 24.Kd1 Rf8 25.Ke2 Rc8 26.Kd3 Rf8 27.f4 h6 28.h4 Rf5
29.Bb8 a6 30.fxg5 hxg5 31.Bf4 Kh7 32.hxg5 Kg6 33.Rc2 Nxg5 34.Bxg5 Rxg5 35.Rc6 Kf5
36.Rxb6 a5 37.Rb5 a4 38.e4+ Kf4 39.exd5 exd5 40.Ra5 Rg3+ 41.Kc2 Rg2+ 42.Kb1 Rg1+
43.Ka2 Ke4 44.Rxa4 Rd1 45.Kb3 Kd3 46.Rb4 Rc1 47.Ka4 Rc4 48.Rxc4 Kxc4 49.b4 Kxd4
50.b5 Kc5 51.Ka5 d4 52.b6 Kc6 53.Ka6  1-0

[Event "TCh-BEL 2011-12"]
[Site "Belgium BEL"]
[Date "2011.11.20"]
[Round "4.7"]
[White "Bertrem,S"]
[Black "Wantola,I"]
[Result "0-1"]
[WhiteElo "2223"]
[BlackElo "2326"]

1.d4 Nf6 2.c4 e6 3.Nc3 Bb4 4.Qc2 O-O 5.a3 Bxc3+ 6.Qxc3 d5 7.Nf3 dxc4 8.Qxc4 b6
9.Bg5 Ba6 10.Qc2 Nbd7 11.e4 Bxf1 12.Kxf1 Qc8 13.Bxf6 Nxf6 14.Ng5 g6 15.e5 Nd5
16.h4 f6 17.exf6 Rxf6 18.Re1 Qd7 19.h5 Rf5 20.Qd2 gxh5 21.Rxh5 Nf6 22.Rh6 Ng4
23.Rxh7 Qb5+ 24.Kg1 Rxg5 25.Rxc7 Qd5 26.Rxe6 Ne3 27.fxe3 Qxe6 28.e4 Qh6 29.Rc6 Qh4
30.Qe3 Rf8 31.Qb3+ Kh8 32.Qc3 Qf2+  0-1

[Event "WYCC U18 Open"]
[Site "Caldas Novas BRA"]
[Date "2011.11.20"]
[Round "3"]
[White "Crespo Hidalgo,C"]
[Black "Espinoza Palomino,W"]
[Result "0-1"]
[WhiteElo "1981"]
[BlackElo "2273"]

1.d4 Nf6 2.c4 e6 3.Nc3 Bb4 4.Qc2 O-O 5.Nf3 b6 6.Bg5 h6 7.Bh4 Bb7 8.e3 g5
9.Bg3 Ne4 10.Nd2 Bxc3 11.bxc3 f5 12.f3 Nxg3 13.hxg3 Qf6 14.Bd3 c5 15.Nb3 d6
16.g4 Nc6 17.gxf5 exf5 18.O-O-O Rae8 19.Rde1 Kg7 20.Kb1 Re7 21.Re2 Rfe8 22.Rhe1 Bc8
23.g3 a5 24.a3 Bd7 25.f4 a4 26.Nd2 cxd4 27.cxd4 g4 28.d5 Na5 29.e4 Nb7 30.Qb2 Qxb2+
31.Kxb2 Nc5 32.Kc3 Kf6 33.Kd4 fxe4 34.Nxe4+ Nxe4 35.Rxe4 Rxe4+ 36.Rxe4 Rxe4+
37.Kxe4 h5 38.Ke3 Bf5 39.Bxf5 Kxf5 40.Kf2 Ke4 41.Kg2 Kd4  0-1

[Event "3rd Pilsen Open"]
[Site "Plzen CZE"]
[Date "2011.11.21"]
[Round "3"]
[White "Ernst,M"]
[Black "Blecha,Mir"]
[Result "1/2-1/2"]
[WhiteElo "2164"]
[BlackElo "2235"]

1.d4 Nf6 2.c4 e6 3.Nc3 Bb4 4.Qc2 O-O 5.a3 Bxc3+ 6.Qxc3 d6 7.Bg5 Nbd7 8.e3 b6
9.Bd3 Bb7 10.f3 c5 11.Ne2 Rc8 12.Qb3 cxd4 13.exd4 e5 14.Bf5 Rc7 15.O-O Ba6
16.Rfc1 h6 17.Bh4 g5 18.Bg3 Nh5 19.Qa4 Nb8 20.dxe5 Nxg3 21.Nxg3 dxe5 22.Rd1 Rxc4
23.Rxd8 Rxa4 24.Rad1 Nc6 25.R8d7 Bb5 26.R7d6 Rd4 27.R1xd4 Nxd4 28.Rxh6 Nxf5
29.Nxf5 Rd8 30.Rd6 Re8 31.Rd5 Bc4 32.Rd2 Be6 33.Ng3 f6 34.Ne4  1/2-1/2

[Event "Malta Open"]
[Site "Bugibba MLT"]
[Date "2011.11.24"]
[Round "6.5"]
[White "Joie,S"]
[Black "Kristiansen,Jen"]
[Result "1-0"]
[WhiteElo "2249"]
[BlackElo "2439"]

1.d4 Nf6 2.c4 e6 3.Nc3 Bb4 4.Qc2 O-O 5.a3 Bxc3+ 6.Qxc3 Ne4 7.Qc2 f5 8.Nh3 d6
9.g3 e5 10.f3 Nf6 11.dxe5 dxe5 12.Nf2 a5 13.b3 Nc6 14.Bb2 Qe7 15.Bh3 Nd4
16.Bxd4 exd4 17.Bxf5 Bxf5 18.Qxf5 Rae8 19.Qc2 Nd7 20.Ne4 Nc5 21.O-O Nxe4
22.fxe4 Rxf1+ 23.Rxf1 Qxa3 24.Qd3 Qe7 25.Qxd4 Qxe4 26.Qd7 Qe3+ 27.Kh1 Qe7
28.Qd5+ Qe6 29.Qxb7 Qxe2 30.Qd5+ Qe6 31.Rf5 Qxd5+ 32.Rxd5 Rb8 33.Rxa5 Rxb3
34.Ra7 c5 35.Rc7 Rb2 36.Rxc5 Rc2 37.Rc7 h5 38.h4 Kh7 39.Rc5 g6 40.Rc7+ Kh6
41.Kg1 Rd2 42.c5 Rc2 43.Kf1 Rd2 44.c6 Rc2 45.Ke1 g5 46.Kd1 Rc4 47.hxg5+ Kxg5
48.Kd2 Kg4 49.Kd3 Rc1 50.Rg7+ Kf5 51.c7 Kf6 52.Rh7 Ke6 53.Ke3 Rc4 54.Kd3 Rc1
55.Kd4 Rc2 56.Rh6+ Kd7 57.Rxh5 Kxc7 58.Rc5+ Rxc5 59.Kxc5 Kd7 60.Kd5  1-0

[Event "Vizag GM Open"]
[Site "Visakhapatnam IND"]
[Date "2011.11.24"]
[Round "1"]
[White "Begum,M"]
[Black "Sundararajan,K"]
[Result "0-1"]
[WhiteElo "1873"]
[BlackElo "2474"]

1.d4 Nf6 2.c4 e6 3.Nc3 Bb4 4.Qc2 O-O 5.a3 Bxc3+ 6.Qxc3 d5 7.Nf3 dxc4 8.Qxc4 b6
9.Bf4 c5 10.dxc5 Ba6 11.Qa4 bxc5 12.b4 cxb4 13.Bxb8 Rxb8 14.Qxa6 Qc7 15.Qd3 b3
16.Nd2 Rfd8 17.Qc4 Qa5 18.Rd1 b2 19.Qc2 b1=Q  0-1

[Event "TCh-SVK Extraliga 2011-12"]
[Site "Slovakia SVK"]
[Date "2011.11.26"]
[Round "3"]
[White "Pacher,M"]
[Black "Babula,V"]
[Result "1/2-1/2"]
[WhiteElo "2403"]
[BlackElo "2572"]

1.d4 Nf6 2.c4 e6 3.Nc3 Bb4 4.Qc2 O-O 5.e4 d6 6.e5 Nfd7 7.Nf3 c5 8.exd6 cxd4
9.Nxd4 Bxd6 10.Be3 Nc6 11.Nxc6 bxc6 12.O-O-O Qc7 13.Ne4 Be5 14.Ng5 Nf6 15.Bd3 h6
16.Nf3 Bf4 17.Qd2 Bxe3 18.Qxe3 c5 19.Ne5 Rb8 20.g4 Nd7 21.f4 Nxe5 22.fxe5 Bb7
23.Rhf1 Qe7 24.Rf6 Rfd8 25.g5 Rd4 26.gxh6 g6 27.Rdf1 Rd7 28.Qg5 Kh8 29.Bc2 Rg8
30.h4 a5 31.Rg1 Rd4 32.b3 Be4 33.h5 Bxc2 34.Kxc2 Qb7 35.hxg6 Qe4+ 36.Kc1 Rxc4+
37.bxc4 Qxc4+ 38.Kd1 Rd8+ 39.Ke1 Qc3+ 40.Ke2 Qc2+ 41.Kf3 Rd3+ 42.Qe3 Rxe3+
43.Kxe3 Qc3+ 44.Kf2 Qd4+ 45.Kf1 Qd1+ 46.Kf2 Qd4+  1/2-1/2

[Event "34th ch-GRE w"]
[Site "Athens GRE"]
[Date "2011.11.29"]
[Round "4"]
[White "Makka,E"]
[Black "Markantonaki,H"]
[Result "1/2-1/2"]
[WhiteElo "2110"]
[BlackElo "2128"]

1.d4 Nf6 2.c4 e6 3.Nc3 Bb4 4.Qc2 O-O 5.Nf3 c5 6.dxc5 Na6 7.c6 bxc6 8.g3 d5
9.a3 Be7 10.Bg2 Nc5 11.O-O a5 12.Be3 Bb7 13.b4 Nce4 14.Nxe4 Nxe4 15.b5 cxb5
16.cxb5 Rc8 17.Qb2 Nd6 18.Nd2 Bf6 19.Bd4 Bxd4 20.Qxd4 Nxb5 21.Qb2 Ba6 22.Rfc1 Rb8
23.a4 Nd6 24.Qe5 Rc8 25.e4 dxe4 26.Nxe4 Rxc1+ 27.Rxc1 Nxe4 28.Bxe4 Qd2 29.Rb1 Rd8
30.Bf3 Qc2 31.Ra1 Rc8 32.Qxa5 Qc1+ 33.Qe1 Qb2 34.Qb1 Qc3 35.Bg2 g6 36.Bf1 Bxf1
37.Qxf1 Ra8 38.Ra2 Qb3 39.Qa1 Rd8 40.Qb2 Rd1+ 41.Kg2 Qd5+ 42.f3 Rd3 43.Qb8+ Kg7
44.Rf2 e5 45.Qb2 f6 46.Qb4 Qd7 47.a5 Rd4 48.Qb6 Rd6 49.Qb4 Rd4 50.Qb6 Rd6
51.Qb4 Rd4  1/2-1/2